000 00378nam a2200157Ia 4500
008 220524s9999 xx 000 0 und d
041 _aeng
082 _a646.2
100 _aHedley G.
_93707
245 _aDrawn to Stitch : Line Drawing & Mark Making in Textile Art
260 _bBatsford
_c2010
300 _a144p
650 _aSewing
_93708
906 _a791
999 _c5485
_d5485